| 000 | 01121nam a2200325 a 4500 | ||
|---|---|---|---|
| 001 | 20620 | ||
| 003 | VRT | ||
| 005 | 20260127154227.0 | ||
| 008 | 130620s1978 xo 0 slo | ||
| 015 | _aSNBA1979 | ||
| 020 | _c(15000 výtl.) | ||
| 035 | _aSNK000057940 | ||
| 039 | 9 |
_a201306201603 _bVLOAD |
|
| 040 |
_aSNK _bslo _cSNK _eAACR2 |
||
| 041 | 0 | _aslo | |
| 044 |
_axo _cSK |
||
| 080 |
_a820 (411)-3 _21. stred. slo |
||
| 100 | 1 |
_aGibbon, Lewis Grassic, _d1901-1935 |
|
| 245 | 1 |
_aŠkótska sága. Diel 1 _bPieseň zapadajúceho slnka _cLewis Grassic Gibbon ; Miroslava Majerčíková, Ján Turan, Emil Bačík |
|
| 250 | _a1. vyd. | ||
| 260 |
_aBratislava _bPravda _c1978 _eBratislava _fPravda |
||
| 300 |
_a232 s., 14,20 AH _bNoty. _c21 cm |
||
| 490 | 0 | _aVrcholné diela svetovej socialistickej literatúry | |
| 500 | _aČlenská knižnica Pravda. Ilustr. na front. Vysvet. Cena za 1. - 3. zv. 60 Kčs. | ||
| 700 | 1 |
_aMajerčíková, Miroslava _4trl |
|
| 700 | 1 |
_aTuran, Ján _4trl |
|
| 700 | 1 |
_aBačík, Emil, _d1929-1999 _4gup |
|
| 942 |
_2ddc _cKLDO _n0 |
||
| 999 |
_c20620 _d20620 |
||